| 000 | 00712nam a2200205 a 4500 | ||
|---|---|---|---|
| 001 | 20027 | ||
| 003 | CO-ViMGA | ||
| 008 | 141112s2004 ck r 000 u spa d | ||
| 020 | _a9586824209 | ||
| 040 |
_aCO-ViMGA _bspa _cCO-ViMGA |
||
| 082 | 0 | 4 | _aCo863.4 K545v |
| 100 | 1 |
_aKline, Carmenza _929065 |
|
| 245 | 1 | 0 |
_aViolencia en Macondo : _btema recurrente en la obra de García Marquez |
| 260 |
_aBogotá : _bFundación general de la Universidad de Salamanca, _cSede Colombia, _c2002 |
||
| 300 | _a233 p. | ||
| 590 | _aForma de adquisición : Premio Mincultura | ||
| 650 | 1 | 4 | _aGARCIA MARQUEZ, GABRIEL - CRITICA E INTERPRETACION |
| 650 | 1 | 4 |
_aNOVELA COLOMBIANA - CRITICA E INTERPRETACION _95807 |
| 942 |
_2ddc _cBK |
||
| 999 |
_c29143 _d29143 |
||